Algebra and logic

I tiakina i:
Ngā taipitopito rārangi puna kōrero
Kaituhi matua: Crossley, J. N (Author)
Hōputu: Pukapuka
Reo:Ingarihi
I whakaputaina: Berlín Springer-Verlag 1975
Rangatū:Lecture Notes in Mathematics, 450
Ngā marau:
Ngā Tūtohu: Tāpirihia he Tūtohu
Kāore He Tūtohu, Me noho koe te mea tuatahi ki te tūtohu i tēnei pūkete!

MARC

LEADER 00000nam a2200000 a 4500
001 UCQ8268
003 CL-VaPUC
008 981209e19750000GW |||||||||||||||||eng|d
082 0 4 |a 511.3  |b CRO  |2 21 
100 0 |a Crossley, J. N  |e author  |9 422120 
245 1 0 |a Algebra and logic 
300 |a 307 p 
942 |c BK 
945 |d 19981209 00:00:00  |a crobeson 
260 |a Berlín  |b Springer-Verlag  |c 1975 
650 0 |a Lógica matemática   |9 262442 
650 0 |a Lógica simbólica   |9 269868 
650 0 |a Álgebra  |9 259567 
650 0 |a Teoría de grupos   |9 270028 
650 0 |a Anillos  |9 374316 
583 |a last modification  |c 19981209 00:00:00  |k Rodrigo Vera 
490 0 |a Lecture Notes in Mathematics, 450 
999 |c 277553  |d 277551 
952 |0 0  |1 0  |4 0  |6 511_300000000000000_CRO_1975  |7 0  |8 A  |9 315547  |a BIBMAT  |b BIBMAT  |d 2019-11-20  |i 130030K  |o 511.3 CRO 1975  |p 130030K  |r 2025-01-07  |w 2019-11-20  |y BK  |k MAT